El teatro en Chile: desde los indios hasta los teatros universitarios

Shranjeno v:
Bibliografske podrobnosti
Glavni avtor: Cánepa Guzmán, Mario (Author)
Format: Knjiga
Jezik:španščina
Izdano: Santiago Arancibia 1966
Teme:
Oznake: Označite
Brez oznak, prvi označite!

MARC

LEADER 00000nam a2200000 a 4500
001 UCX2124
003 CL-VaPUC
008 910321e19660000CL |||||||||||||||||spa|d
082 0 4 |a Ch862.09  |b CAN  |2 21 
100 |a Cánepa Guzmán, Mario  |e author  |9 459201 
245 1 3 |a El teatro en Chile: desde los indios hasta los teatros universitarios 
300 |a 135 p 
942 |c BK 
945 |d 19910321 00:00:00 
260 |a Santiago  |b Arancibia  |c 1966 
650 0 |a Teatro chileno  |9 266701 
650 0 |a Historia y crítica   |9 257407 
583 |a last modification  |c 19910321 00:00:00  |k Rodrigo Vera 
999 |c 223208  |d 223206